|
|
|
|
| LEADER |
01188nam a2200301 a 4500 |
| 001 |
5727 |
| 003 |
BD-DhAAL |
| 008 |
090505s1995 ctub 001 0 eng d |
| 999 |
|
|
|c 408
|d 408
|
| 010 |
|
|
|a 94043316
|
| 020 |
|
|
|a 156549041X (alk. paper) :
|c $14.95
|
| 040 |
|
|
|a DLC
|c DLC
|d DLC
|d BD-DhAAL
|
| 082 |
0 |
0 |
|a 362.1969792
|2 20
|
| 245 |
0 |
0 |
|a HIV & AIDS :
|b the global inter-connection /
|c editor, Elizabeth Reid.
|
| 260 |
|
|
|a West Hartford, Conn. :
|b Kumarian Press,
|c 1995.
|
| 300 |
|
|
|a xii, 227 pages :
|b map ;
|c 22 cm.
|
| 490 |
0 |
|
|a Kumarian Press books for a world that works
|
| 500 |
|
|
|a "Published in cooperation with the United Nations Development Programme."
|
| 500 |
|
|
|a Map on page facing t.p.
|
| 500 |
|
|
|a Includes index.
|
| 541 |
1 |
|
|e 5727
|
| 650 |
|
0 |
|a AIDS (Disease)
|x Social aspects.
|9 41920
|
| 700 |
1 |
|
|a Reid, Elizabeth,
|d 1942-
|9 41921
|
| 710 |
2 |
|
|a United Nations Development Programme.
|9 41922
|
| 740 |
0 |
|
|a HIV and AIDS.
|
| 852 |
|
|
|a Ayesha Abed Library
|c General Stacks
|
| 942 |
|
|
|2 ddc
|c BK
|
| 952 |
|
|
|0 0
|1 0
|2 ddc
|4 0
|6 362_196979200000000_HIV_1995
|7 0
|9 369
|a BRACUL
|b BRACUL
|c GEN
|d 2009-05-06
|g 1456.00
|l 1
|m 1
|o 362.1969792 HIV
|p 3010005727
|r 2022-11-02
|s 2022-10-26
|t 1
|w 2009-05-06
|y BK
|